000 00553nam a2200193Ia 4500
005 20260120124439.0
008 008 260114s9999 xx 000 0 eng d
020 _a9781838673987
037 _aEBOOK
040 _aCRL
_beng
_cCRL
041 _aeng
_2eng
084 _qCRL
100 _aFrank Fitzpatrick
_9906528
245 0 _aUnderstanding Intercultural Interaction
260 _bEmerald Publishing
_c2019
856 _uhttps://www.emerald.com/insight/publication/doi/10.1108/9781838673970
942 _cEBOOK
999 _c1498214
_d1498214